Importancia de los valores espirituales en la relación laboral : (Record no. 26476)

MARC details
000 -LEADER
campo de control de longitud fija 00939nam a2200229 i 4500
001 - NÚMERO DE CONTROL
campo de control 26476
003 - IDENTIFICADOR DE NÚMERO DE CONTROL
campo de control ES-MaACL
005 - FECHA Y HORA DE LA ÚLTIMA TRANSACCIÓN
campo de control 20230906153441.0
007 - CAMPO FIJO DE DESCRIPCIÓN FÍSICA--INFORMACIÓN GENERAL
campo de control de longitud fija t|
008 - DATOS DE LONGITUD FIJA--INFORMACIÓN GENERAL
campo de control de longitud fija 030109s1945 sp ||||1| spa d
100 1# - ENTRADA PRINCIPAL--NOMBRE DE PERSONA
Nombre de persona Aunós Pérez, Antonio.
9 (RLIN) 23921
245 10 - MENCIÓN DEL TÍTULO
Título Importancia de los valores espirituales en la relación laboral :
Resto del título conferencia pronunciada en la clausura del curso escolar de 1944-45 /
Mención de responsabilidad, etc. por Antonio Aunós Pérez.
260 ## - PUBLICACIÓN, DISTRIBUCIÓN, ETC.
Lugar de publicación, distribución, etc. Barcelona :
Nombre del editor, distribuidor, etc. Patronato de la Escuela Social de Barcelona,
Fecha de publicación, distribución, etc. 1945 (
Fabricante Gráf. Alfa)
300 ## - DESCRIPCIÓN FÍSICA
Extensión 23 p. ;
Dimensiones 24 cm.
490 1# - MENCIÓN DE SERIE
Mención de serie Serie A: discursos y conferencias ;
Designación de volumen o secuencia 7
594 ## - Nota al título y mención de responsabilidad
Nota al título y mención de responsabilidad Precede a tít.: Ministero de Trabajo. Escuela Social de Barcelona.
650 #4 - PUNTO DE ACCESO ADICIONAL DE MATERIA--TÉRMINO DE MATERIA
Término de materia o nombre geográfico como elemento de entrada Relaciones laborales-
Subdivisión general Aspectos morales.
9 (RLIN) 173571
710 2# - ENTRADA AGREGADA--NOMBRE DE ENTIDAD CORPORATIVA
Nombre de entidad corporativa o nombre de jurisdicción como elemento de entrada Escuela Social de Barcelona.
9 (RLIN) 173570
830 1# - PUNTO DE ACCESO ADICIONAL DE SERIE-TÍTULO UNIFORME
Título uniforme Serie A: discursos y conferencias ;
Designación de volumen o secuencia 7
9 (RLIN) 181043
852 ## - LOCALIZACIÓN
Ubicación ES-MaACL
Número de control de estantería 1866-F-16
Holdings
Estatus retirado Estado de pérdida Estado de daño No para préstamo Colección Biblioteca de origen Biblioteca actual Ubicación en estantería Fecha de adquisición Fuente de adquisición Total de préstamos Signatura topográfica completa Código de barras Visto por última vez Precio de reemplazo Tipo de ítem Koha
        Colección de folletos Biblioteca del Ateneo de Madrid Biblioteca del Ateneo de Madrid Depósito folletos 17/01/2008     1866-F-16 1027326 23/02/2023 23/02/2023 Folleto